000 00634nam a2200265Ia 4500
005 20260121172155.0
008 008 260114s9999 xx 000 0 eng d
020 _a9783030486716
037 _aEBOOK
040 _aCRL
040 _beng
040 _cCRL
041 _2eng
041 _aeng
084 _qCRL
100 _aW. John Morgan, Alexandre Guilherme
_91085175
245 0 _aPeace and War
260 _bSpringer
260 _bSpringer
260 _c2020
856 _uhttps://link.springer.com/openurl?genre=book&isbn=978-3-030-48671-6
942 _cEBOOK
999 _c1650912
_d1650912